| 000 | 00644nam a2200181 a 4500 | ||
|---|---|---|---|
| 001 | 000044081 | ||
| 005 | 20201002045132.0 | ||
| 008 | 140515s1994 sp a 000 0 spa d | ||
| 020 | _a8478803645 | ||
| 040 |
_aDO-SdBNP _bspa _cBNPHU |
||
| 100 | 1 |
_aAlas MÃnguez, Leopoldo _c1962-2008 _972078 |
|
| 245 | 1 | 0 |
_aDe la acera de enfrente : _btodo lo que se debe saber de los gays y nadie se ha atrevido a contar / _cLeopoldo Alas. |
| 260 |
_aMadrid : _bTemas de Hoy, _c1994. |
||
| 300 |
_a191 p. ; _c21 cm. |
||
| 490 | 1 |
_aEl papagayo _v83 |
|
| 500 | _aIncluye datos biográficos del autor en la solapa de la cubierta | ||
| 830 | 0 |
_aEl papagayo _v83 _943887 |
|
| 999 |
_c43570 _d43570 |
||